000 01290nam a2200385 ia4500
003 OSt
005 20230917125525.0
008 230827t20232023my a jr 000 1 may
020 _a9789672728573
_qpaperback
_cRM 69.90
040 _aPPAK
_beng
_cPPAK
_erda
041 1 _amay
_heng
082 0 4 _a499.2386
_223
090 0 0 _a499.2386
_bMIN
_dK
100 1 _aMinwalla, Shabnam,
_eauthor.
245 1 0 _aSAYA BACAKAN UNTUK MU :
_bMASA ITU EMAS /
_cPengarang: Shabnam Minwalla ; Ilustrator: Shaheen Sheriff ; Penterjemah: Nurhazwani.
246 3 3 _aMasa itu emas
264 1 _aPetaling Jaya, Selangor :
_bEdu Apps (Mal) Sdn. Bhd.,
_c2023
264 4 _c©2023
300 _a14 pages :
_bcolour illustrations ;
_c21 cm.
336 _atext
_2rdacontent
336 _astill image
_2rdacontent
337 _aunmediated
_2rdamedia
338 _avolume
_2rdacarrier
490 1 _aSIRI STEM
500 _aRE@RE recordable audio books
546 _aTranslated from English
650 1 0 _aMalay language
_vReaders
_vJuvenile fiction
650 2 0 _aTime
_vJuvenile fiction
650 2 0 _aChildren's stories, Malay
650 2 0 _aAudiobooks
700 0 _aShaheen Sherriff,
_eillustrator.
700 0 _aNurhazwani,
_etranslator.
830 0 _aSiri STEM
942 _2ddc
_cB
999 _c192894
_d192894